[Event "LLHH 1920 SC Königsspringer II - FC St"]
[Site "?"]
[Date "2020.02.09"]
[Round "6.3"]
[White "Goepfert, Jakob"]
[Black "Hloskovsky, Andrei"]
[Result "1/2-1/2"]
[WhiteElo "2112"]
[BlackElo "2066"]
[PlyCount "72"]
[EventDate "2020.??.??"]

1. d4 d5 2. c4 c6 3. Nf3 e6 4. Nc3 f5 5. Bf4 Nf6 6. e3 Be7 7. h3 Ne4 8. Ne5 O-O
9. Bd3 Nd7 10. Qc2 Bh4 11. g3 Bf6 12. g4 Bh4 13. Rf1 Nxe5 14. dxe5 g5 15. Bh2
d4 16. exd4 Nxf2 17. Rxf2 Qxd4 18. O-O-O Qxf2 19. Rd2 Qe1+ 20. Nd1 Rd8 21. gxf5
exf5 22. Re2 Qh1 23. e6 Bxe6 24. Rxe6 Rxd3 25. Qxd3 Qxh2 26. Qd7 g4 27. hxg4
Rf8 28. gxf5 Qf4+ 29. Ne3 Bf2 30. Kd2 Bxe3+ 31. Rxe3 Qf2+ 32. Re2 Qf4+ 33. Kc3
Qf3+ 34. Kd2 Qf4+ 35. Kc3 Qf3+ 36. Kd2 Qf4+ 1/2-1/2

[Event "LLHH 1920 SC Königsspringer II - FC St"]
[Site "?"]
[Date "2020.02.09"]
[Round "6.4"]
[White "Conrad, Christian"]
[Black "Kluth, Carsten"]
[Result "1/2-1/2"]
[WhiteElo "2096"]
[BlackElo "2110"]
[PlyCount "65"]
[EventDate "2020.??.??"]

1. d4 d5 2. Nf3 Nf6 3. g3 c6 4. Bg2 Bf5 5. c4 e6 6. Nc3 Nbd7 7. Qb3 Qb6 8. c5
Qxb3 9. axb3 a6 10. Bf4 h6 11. h3 g5 12. Be5 Nxe5 13. Nxe5 Nd7 14. Nxd7 Kxd7
15. Na4 Kc7 16. O-O Bg7 17. e3 e5 18. Nb6 Rae8 19. dxe5 Bxe5 20. Na4 Bc2 21.
Ra3 d4 22. Rc1 d3 23. Bf3 Bxg3 24. Nb6 Be5 25. Nc4 Bg7 26. Bd1 Bxd1 27. Rxd1
Rd8 28. Rd2 Rhe8 29. Nd6 Rf8 30. b4 f5 31. Raxd3 Be5 32. Nc4 Rxd3 33. Rxd3
1/2-1/2

[Event "LLHH 1920 SC Königsspringer II - FC St"]
[Site "?"]
[Date "2020.02.09"]
[Round "6.5"]
[White "Grote, Dirk"]
[Black "Lohse, Marc"]
[Result "1-0"]
[WhiteElo "2047"]
[BlackElo "1922"]
[PlyCount "85"]
[EventDate "2020.??.??"]

1. d4 Nf6 2. c4 e6 3. Nf3 b6 4. g3 Bb7 5. Bg2 Be7 6. O-O O-O 7. Re1 c5 8. d5
exd5 9. Nh4 Ne4 10. cxd5 Bxh4 11. Bxe4 Bf6 12. Qd3 h6 13. Nc3 d6 14. Bf4 Qe7
15. Bg2 Nd7 16. Rad1 Ne5 17. Qc2 Ng6 18. Bc1 Qd7 19. Be4 Bxc3 20. Bf5 Qd8 21.
Qxc3 Ne7 22. Be4 Kh8 23. Bxh6 f6 24. Bc1 f5 25. Bg2 Qe8 26. Bf4 Rd8 27. Qe3 Qf7
28. Bg5 Rd7 29. Qe6 Ng6 30. Qxf7 Rdxf7 31. f4 Ne7 32. Bf3 Bc8 33. Bh5 g6 34.
Bxe7 Rxe7 35. Bxg6 Kg7 36. Bh5 Kh6 37. Bf3 Rfe8 38. Kf2 Ba6 39. e3 Bc8 40. h3
Rg8 41. e4 fxe4 42. Rxe4 Rxe4 43. Bxe4 1-0

[Event "LLHH 1920 SC Königsspringer II - FC St"]
[Site "?"]
[Date "2020.02.09"]
[Round "6.6"]
[White "Wolter, Michael"]
[Black "David, Torsten"]
[Result "1/2-1/2"]
[WhiteElo "2168"]
[BlackElo "2070"]
[PlyCount "79"]
[EventDate "2020.??.??"]

1. d4 Nf6 2. Nf3 b5 3. e4 Nxe4 4. Bxb5 e6 5. O-O Bb7 6. Nc3 Be7 7. Re1 Nf6 8.
Bg5 O-O 9. Qe2 d6 10. Bxf6 Bxf6 11. Ne4 a5 12. c3 Na6 13. Rad1 c5 14. Qe3 Nc7
15. Bd3 Nd5 16. Qd2 cxd4 17. cxd4 h6 18. Bb1 Be7 19. h3 Qb6 20. Ng3 Nf6 21. Nh2
Qb4 22. a3 Qxd2 23. Rxd2 Nd5 24. Nhf1 Rfc8 25. Ne3 Bg5 26. Ne4 Nxe3 27. fxe3
Bxe4 28. Bxe4 d5 29. Bd3 Rab8 30. Kf2 Rb6 31. Kg3 Bf6 32. Ree2 Rc1 33. Bc2 Rc6
34. Ba4 Rc7 35. Bb3 Be7 36. Rc2 R1xc2 37. Rxc2 Rxc2 38. Bxc2 Bd6+ 39. Kf3 Kf8
40. Ba4 1/2-1/2

[Event "LLHH 1920 SC Königsspringer II - FC St"]
[Site "?"]
[Date "2020.02.09"]
[Round "6.8"]
[White "Pfreundt, Mathis"]
[Black "Hedayat-Nassab, Djamschid"]
[Result "1/2-1/2"]
[WhiteElo "1961"]
[BlackElo "2090"]
[PlyCount "65"]
[EventDate "2020.??.??"]

1. d4 Nf6 2. c4 e6 3. Nc3 Bb4 4. e3 Bxc3+ 5. bxc3 O-O 6. Nf3 b6 7. Bd3 Bb7 8.
O-O Ne4 9. Qc2 f5 10. Nd2 d5 11. cxd5 exd5 12. f3 Nxd2 13. Bxd2 Qf6 14. e4 Nd7
15. exf5 c5 16. Qb2 cxd4 17. cxd4 Nc5 18. Bb5 a6 19. Be2 Na4 20. Qb4 b5 21. Bf4
Qxf5 22. Be5 Rac8 23. Rac1 Rc2 24. Rxc2 Qxc2 25. Qe7 Rf7 26. Qe8+ Rf8 27. Qe6+
Rf7 28. Bd6 Qc8 29. Qe3 Qd7 30. Be5 Nb6 31. f4 Nc4 32. Qc3 Qc6 33. Qd3 1/2-1/2

[Event "LLHH 1920 SK Weisse Dame - SK Marmstorf"]
[Site "?"]
[Date "2020.02.09"]
[Round "6.1"]
[White "Hebbinghaus, Holger"]
[Black "Popist, Florian"]
[Result "1/2-1/2"]
[WhiteElo "2297"]
[BlackElo "2096"]
[PlyCount "20"]
[EventDate "2020.??.??"]

1. d4 d5 2. Nf3 Nf6 3. e3 e6 4. Bd3 Be7 5. O-O O-O 6. Nbd2 b6 7. b3 Bb7 8. Bb2
Nbd7 9. Ne5 Ne4 10. f3 Nxd2 1/2-1/2

[Event "LLHH 1920 SK Weisse Dame - SK Marmstorf"]
[Site "?"]
[Date "2020.02.09"]
[Round "6.2"]
[White "Mandelbaum, Peter-Rene"]
[Black "Hawellek, Jeronimo"]
[Result "1/2-1/2"]
[WhiteElo "2079"]
[BlackElo "2258"]
[PlyCount "132"]
[EventDate "2020.??.??"]

1. e4 c6 2. d4 d5 3. Nc3 dxe4 4. Nxe4 Bf5 5. Ng3 Bg6 6. Nf3 e6 7. h4 h6 8. h5
Bh7 9. Bd3 Bxd3 10. Qxd3 Nf6 11. Bf4 Bd6 12. Bxd6 Qxd6 13. O-O-O Nbd7 14. Kb1
O-O 15. Ne4 Nxe4 16. Qxe4 Nf6 17. Qe2 Qd5 18. c4 Qe4+ 19. Qc2 Qxc2+ 20. Kxc2
Ng4 21. Rd2 Rad8 22. Ne5 Nxe5 23. dxe5 Rxd2+ 24. Kxd2 Rd8+ 25. Ke3 c5 26. b3
Kf8 27. f4 Ke7 28. g4 f6 29. exf6+ gxf6 30. Rg1 b6 31. g5 fxg5 32. fxg5 hxg5
33. Rxg5 Kf6 34. Rg6+ Kf5 35. Rg1 Rh8 36. Rh1 Kg5 37. Ke4 Kh6 38. Ke5 Rd8 39.
Rh2 a5 40. Kxe6 Rd4 41. Ke5 a4 42. Rf2 axb3 43. axb3 b5 44. cxb5 Rb4 45. Rf3
Rxb5 46. Kd5 Kxh5 47. Kc6 Rb8 48. Kxc5 Rc8+ 49. Kd4 Rd8+ 50. Kc3 Rc8+ 51. Kb2
Rb8 52. Rf5+ Kg6 53. Rc5 Kf6 54. Kc3 Ke6 55. b4 Kd6 56. Kc4 Rb7 57. Rh5 Rb8 58.
Rc5 Rb7 59. Rc8 Kd7 60. Rh8 Rb6 61. Kc5 Rg6 62. b5 Kc7 63. b6+ Kb7 64. Rh7+ Kb8
65. Rc7 Rg1 66. Rf7 Rc1+ 1/2-1/2

[Event "LLHH 1920 SK Weisse Dame - SK Marmstorf"]
[Site "?"]
[Date "2020.02.09"]
[Round "6.3"]
[White "Ramme, Christoph"]
[Black "Schiele, Lars"]
[Result "1/2-1/2"]
[WhiteElo "2131"]
[BlackElo "2069"]
[PlyCount "105"]
[EventDate "2020.??.??"]

1. e4 e5 2. Nf3 Nc6 3. Bb5 a6 4. Ba4 Nf6 5. O-O Be7 6. Re1 b5 7. Bb3 d6 8. c3
O-O 9. h3 Nb8 10. d4 Nbd7 11. Nbd2 Bb7 12. Bc2 Re8 13. Nf1 Bf8 14. Ng3 g6 15.
a4 c5 16. d5 c4 17. Bg5 Be7 18. Be3 Qc7 19. Qd2 Nc5 20. axb5 axb5 21. Bh6 Kh8
22. Nh2 Ng8 23. Be3 Bf6 24. Ng4 Bg7 25. Nh6 Nxh6 26. Bxh6 Qe7 27. Bg5 Qc7 28.
h4 Reb8 29. h5 Nd7 30. Be3 Bc8 31. Rec1 Nc5 32. Rf1 Kg8 33. h6 Bf6 34. Bg5 Qe7
35. Be3 Qc7 36. f4 exf4 37. Bxf4 Qe7 38. Rab1 Bg4 39. Qf2 Ra6 40. Be3 Be5 41.
Bg5 Qf8 42. Ne2 Bxe2 43. Qxe2 Ra2 44. Qd2 Rb7 45. Bf6 Nd7 46. Bxe5 Nxe5 47. Bd1
Qb8 48. Qf4 Nd3 49. Qf6 Qf8 50. b3 Qxh6 51. Qd8+ Kg7 52. Qf6+ Kg8 53. Qd8+
1/2-1/2

[Event "LLHH 1920 SK Weisse Dame - SK Marmstorf"]
[Site "?"]
[Date "2020.02.09"]
[Round "6.4"]
[White "Lansky, Georg"]
[Black "Mueller, Jan-Hendrik"]
[Result "0-1"]
[WhiteElo "1995"]
[BlackElo "2113"]
[PlyCount "50"]
[EventDate "2020.??.??"]

1. e4 e6 2. d4 d5 3. Nc3 Nf6 4. e5 Nfd7 5. f4 c5 6. Nf3 Nc6 7. Be3 Be7 8. Qd2
O-O 9. O-O-O c4 10. g4 b5 11. Nxb5 Rb8 12. Nd6 Bxd6 13. exd6 Nf6 14. Ne5 Nb4
15. Kb1 Ne4 16. Qe1 Nxa2 17. Kxa2 c3 18. b3 Qa5+ 19. Kb1 Qa3 20. Nd3 Ba6 21.
Bc1 Rxb3+ 22. cxb3 Qxb3+ 23. Ka1 c2 24. Qb4 Qxb4 25. Nxb4 cxd1=Q 0-1

[Event "LLHH 1920 SK Weisse Dame - SK Marmstorf"]
[Site "?"]
[Date "2020.02.09"]
[Round "6.5"]
[White "Diekmann, Jens"]
[Black "Ludwig, Jan"]
[Result "1-0"]
[WhiteElo "2056"]
[BlackElo "2040"]
[PlyCount "75"]
[EventDate "2020.??.??"]

1. c4 e6 2. Nf3 f5 3. g3 Nf6 4. Bg2 Be7 5. O-O O-O 6. d3 c5 7. b3 Nc6 8. Bb2 b6
9. Ne5 Bb7 10. e3 Qc7 11. d4 Nxe5 12. Bxb7 Qxb7 13. dxe5 Ne4 14. f3 Ng5 15. Nc3
a6 16. h4 Nf7 17. Ne2 Qc7 18. Nf4 Rad8 19. Nd3 d6 20. Nf4 Qc8 21. exd6 Rxd6 22.
Qe2 Rfd8 23. Rad1 Qd7 24. Rxd6 Qxd6 25. Kg2 Ne5 26. Bxe5 Qxe5 27. Nd3 Qc3 28.
Rd1 Kf7 29. f4 g6 30. Ne5+ Kf6 31. Nd7+ Kg7 32. Rd3 Qa5 33. Qb2+ Kh6 34. Ne5
Rf8 35. g4 Qe1 36. g5+ Kh5 37. Rd7 Kxh4 38. Nf3+ 1-0

[Event "LLHH 1920 SK Weisse Dame - SK Marmstorf"]
[Site "?"]
[Date "2020.02.09"]
[Round "6.6"]
[White "Kuhle, Sebastian"]
[Black "Anderberg, Peter"]
[Result "1-0"]
[WhiteElo "2014"]
[BlackElo "2020"]
[PlyCount "67"]
[EventDate "2020.??.??"]

1. c4 e5 2. Nc3 Nf6 3. Nf3 Nc6 4. g3 Bb4 5. Bg2 O-O 6. O-O e4 7. Ne1 Bxc3 8.
dxc3 Re8 9. Nc2 d6 10. Ne3 h6 11. b3 Be6 12. Qc2 Qd7 13. Rd1 Bh3 14. Bh1 Re5
15. Nd5 Nxd5 16. cxd5 Ne7 17. Bxe4 f5 18. Bf3 g5 19. c4 Ng6 20. Bb2 Re7 21. Re1
Rae8 22. Bh5 Kh7 23. Qc3 Rf8 24. Qd3 Ne5 25. Bxe5 dxe5 26. g4 Bxg4 27. Bxg4 e4
28. Bxf5+ Qxf5 29. Qg3 Ref7 30. Rf1 Qf6 31. Rae1 Qg6 32. Qe5 h5 33. Rd1 Rd8 34.
Rd4 1-0

[Event "LLHH 1920 SK Weisse Dame - SK Marmstorf"]
[Site "?"]
[Date "2020.02.09"]
[Round "6.7"]
[White "Herlan, Klaus-Juergen"]
[Black "Purniel Umpierre, Christian"]
[Result "1-0"]
[WhiteElo "1996"]
[BlackElo "2006"]
[PlyCount "61"]
[EventDate "2020.??.??"]

1. d4 e6 2. Nf3 f5 3. g3 Nf6 4. Bg2 Be7 5. O-O O-O 6. c4 d6 7. b3 Ne4 8. Bb2
Bf6 9. Nbd2 Nc6 10. e3 Qe8 11. a3 Nxd2 12. Nxd2 e5 13. d5 Ne7 14. Rc1 g5 15. c5
Ng6 16. cxd6 cxd6 17. Nc4 Be7 18. a4 g4 19. f4 gxf3 20. Bxf3 Qd8 21. Rc2 Bg5
22. Ba3 Rf6 23. Bg2 b6 24. Qh5 Rf7 25. Nxd6 Bxe3+ 26. Kh1 Rf6 27. Nxf5 Bxf5 28.
Rxf5 Rxf5 29. Qxf5 Bd4 30. d6 Rb8 31. Rc7 1-0

[Event "LLHH 1920 SK Weisse Dame - SK Marmstorf"]
[Site "?"]
[Date "2020.02.09"]
[Round "6.8"]
[White "Speck, Jakob"]
[Black "Undritz, Bjoern"]
[Result "0-1"]
[WhiteElo "1744"]
[BlackElo "1912"]
[PlyCount "106"]
[EventDate "2020.??.??"]

1. e4 Nf6 2. e5 Nd5 3. d4 d6 4. c4 Nb6 5. f4 dxe5 6. fxe5 Bf5 7. Nf3 Bg4 8. d5
e6 9. dxe6 Qxd1+ 10. Kxd1 Bxe6 11. b3 Nc6 12. Bd3 O-O-O 13. Ke2 Bg4 14. h3
Bxf3+ 15. gxf3 Nxe5 16. Bf5+ Kb8 17. Bb2 f6 18. Bxe5 fxe5 19. Nc3 g6 20. Bc2
Bh6 21. Rad1 Kc8 22. Be4 c6 23. Bc2 Rxd1 24. Rxd1 Rd8 25. Rxd8+ Kxd8 26. Kd3
Ke7 27. Ne4 Nd7 28. Ke2 b6 29. Bd3 Nf8 30. Nf2 Ne6 31. Be4 Kd6 32. Bc2 Nd4+ 33.
Kd3 Nxf3 34. Ke4 Nd4 35. Bd1 Ne6 36. Bg4 Nc5+ 37. Kf3 a5 38. Ne4+ Nxe4 39. Kxe4
Bf4 40. Bc8 Kc5 41. Bd7 Kb4 42. Bxc6 Ka3 43. Ba4 Kxa2 44. Kd5 Kb2 45. Ke4 Kc3
46. Kf3 Kd4 47. Bd7 Bc1 48. Bc6 h6 49. Be8 e4+ 50. Ke2 g5 51. Bc6 h5 52. Bd7
Kc3 53. Ba4 g4 0-1

[Event "LLHH 1920 SK Marmstorf - Schachfreunde "]
[Site "?"]
[Date "2020.03.01"]
[Round "7.1"]
[White "Andersen, Jens Knud"]
[Black "Hebbinghaus, Holger"]
[Result "0-1"]
[WhiteElo "2151"]
[BlackElo "2292"]
[PlyCount "40"]
[EventDate "2020.??.??"]

1. d4 d5 2. Bf4 c5 3. e3 cxd4 4. exd4 Nc6 5. c3 f6 6. Bd3 e5 7. dxe5 fxe5 8.
Qh5+ g6 9. Bxg6+ hxg6 10. Qxh8 exf4 11. Qxg8 Bf5 12. g4 Qe7+ 13. Kd2 Be4 14.
Na3 O-O-O 15. f3 Bg7 16. Qxd8+ Qxd8 17. Rd1 Qb6 18. Kc1 Qe3+ 19. Rd2 Bxc3 20.
bxc3 Qe1+ 0-1

[Event "LLHH 1920 SK Marmstorf - Schachfreunde "]
[Site "?"]
[Date "2020.03.01"]
[Round "7.2"]
[White "Hawellek, Jeronimo"]
[Black "Gremmel, Jonas Simon"]
[Result "1-0"]
[WhiteElo "2253"]
[BlackElo "2075"]
[PlyCount "67"]
[EventDate "2020.??.??"]

1. d4 d5 2. Bf4 Nf6 3. e3 e6 4. Nf3 Be7 5. h3 O-O 6. Nbd2 b6 7. Ne5 c5 8. c3
Bb7 9. Bd3 Nc6 10. Qf3 Rc8 11. Rd1 Nd7 12. h4 f5 13. g4 Ndxe5 14. dxe5 d4 15.
Bc4 Qd7 16. gxf5 Rxf5 17. Qg3 Bf8 18. Nf3 Na5 19. Bd3 Rf7 20. Rg1 c4 21. Bxh7+
Kxh7 22. Qg6+ Kg8 23. Rxd4 Qxd4 24. Nxd4 Bd5 25. e4 Ba8 26. Nxe6 Rc6 27. Qg4
Re7 28. Nd4 Rc5 29. e6 Nc6 30. Bd6 Ne5 31. Qg3 Nd3+ 32. Kd2 g6 33. Bxe7 Bh6+
34. Bg5 1-0

[Event "LLHH 1920 SK Marmstorf - Schachfreunde "]
[Site "?"]
[Date "2020.03.01"]
[Round "7.3"]
[White "Dietz, Juergen"]
[Black "Ramme, Christoph"]
[Result "0-1"]
[WhiteElo "2157"]
[BlackElo "2129"]
[PlyCount "112"]
[EventDate "2020.??.??"]

1. f4 d5 2. Nf3 Bg4 3. Ne5 Bf5 4. c4 e6 5. Qb3 Nc6 6. Qxb7 Nd4 7. Nc6 Nc2+ 8.
Kd1 Qc8 9. Qxc8+ Rxc8 10. e4 Bxe4 11. d3 Nxa1 12. dxe4 dxe4 13. Be3 Ne7 14. c5
Nxc6 15. Bb5 Kd7 16. Kc1 Rb8 17. Rd1+ Bd6 18. Nc3 Rxb5 19. Nxb5 Rb8 20. Nc3 Nb4
21. Nxe4 Nd5 22. Bd2 Be7 23. Kb1 Nb3 24. axb3 Rxb3 25. Nc3 Bf6 26. Kc2 Rb8 27.
f5 Kc6 28. fxe6 fxe6 29. Re1 Re8 30. Nxd5 Kxd5 31. Ra1 Rb8 32. Bc3 Kxc5 33.
Ra5+ Kd6 34. Rxa7 Bxc3 35. Kxc3 Rf8 36. Ra6+ Kd7 37. Ra4 Rf2 38. Rg4 g6 39. h4
Kd6 40. h5 gxh5 41. Rg7 h6 42. Rg6 Rf5 43. Rxh6 Rg5 44. Rh8 Kd5 45. Rd8+ Ke4
46. Rd4+ Ke5 47. Rd2 Kf4 48. b4 h4 49. Kc4 Kg3 50. b5 Kh2 51. Rd4 Kg3 52. Rd7
Kxg2 53. Rxc7 h3 54. b6 h2 55. b7 h1=Q 56. b8=Q Qc1+ 0-1

[Event "LLHH 1920 SK Marmstorf - Schachfreunde "]
[Site "?"]
[Date "2020.03.01"]
[Round "7.4"]
[White "Mueller, Jan-Hendrik"]
[Black "Hermann, Matthias"]
[Result "1/2-1/2"]
[WhiteElo "2120"]
[BlackElo "2228"]
[PlyCount "81"]
[EventDate "2020.??.??"]

1. c4 e5 2. g3 Nf6 3. Bg2 Bc5 4. Nf3 Nc6 5. Nc3 O-O 6. O-O d5 7. cxd5 Nxd5 8.
Nxe5 Nxc3 9. bxc3 Nxe5 10. d4 Qe7 11. dxc5 Rd8 12. Qc2 Qxc5 13. Be3 Qa5 14.
Rfd1 c6 15. Qa4 Qc7 16. Rxd8+ Qxd8 17. Rd1 Qe8 18. Bf4 Ng6 19. Bc7 Be6 20. Qb4
Qe7 21. Qxe7 Nxe7 22. a4 Rc8 23. Rd8+ Rxd8 24. Bxd8 Kf8 25. Kf1 Ke8 26. Bc7 Kd7
27. Be5 f6 28. Bd4 b6 29. a5 bxa5 30. Bxa7 Kd6 31. Ke1 Nd5 32. Bxd5 Kxd5 33.
Kd2 Kc4 34. Kc2 a4 35. Kb2 a3+ 36. Kxa3 Kxc3 37. h4 Kd2 38. Kb4 Kxe2 39. Bd4 g5
40. Bxf6 gxh4 41. gxh4 1/2-1/2

[Event "LLHH 1920 SK Marmstorf - Schachfreunde "]
[Site "?"]
[Date "2020.03.01"]
[Round "7.5"]
[White "Mix, Clemens"]
[Black "Diekmann, Jens"]
[Result "0-1"]
[WhiteElo "1997"]
[BlackElo "2066"]
[PlyCount "72"]
[EventDate "2020.??.??"]

1. d4 Nf6 2. c4 e6 3. g3 d5 4. Bg2 Be7 5. Nf3 O-O 6. O-O b6 7. Nc3 Bb7 8. Ne5
Qc8 9. Bf4 dxc4 10. e4 Rd8 11. Nxc4 Nc6 12. Nb5 Ba6 13. a4 Nxd4 14. Nxd4 c5 15.
b3 Rxd4 16. Qc2 Bxc4 17. bxc4 Qa6 18. e5 Rxc4 19. Qe2 Nd5 20. Be4 Nc3 21. Qxc4
Qxc4 22. Bxa8 Ne2+ 23. Kh1 Nxf4 24. gxf4 Qxf4 25. Bc6 Qxe5 26. Rad1 Qc7 27. Bb5
Bf6 28. Rd7 Qb8 29. Rfd1 g6 30. R1d6 a6 31. Bc6 b5 32. Bb7 bxa4 33. Rxa6 Qf4
34. Bc6 Be5 35. Rd8+ Kg7 36. Kg2 Qg5+ 0-1

[Event "LLHH 1920 SK Marmstorf - Schachfreunde "]
[Site "?"]
[Date "2020.03.01"]
[Round "7.6"]
[White "Peschke, Matthias"]
[Black "Zimmermann, Martin"]
[Result "1/2-1/2"]
[WhiteElo "2024"]
[BlackElo "2142"]
[PlyCount "43"]
[EventDate "2020.??.??"]

1. c4 c5 2. g3 Nc6 3. Bg2 e5 4. Nc3 d6 5. d3 g6 6. e3 Bg7 7. Nge2 Nge7 8. O-O
O-O 9. a3 Be6 10. Nd5 Rb8 11. Nec3 Qd7 12. Re1 Bh3 13. Bh1 Nxd5 14. Nxd5 Ne7
15. Rb1 Nxd5 16. Bxd5 Bg4 17. Qc2 Be6 18. Bg2 Rfc8 19. Rd1 Bg4 20. Re1 Be6 21.
Rd1 Bg4 22. Re1 1/2-1/2

[Event "LLHH 1920 SK Marmstorf - Schachfreunde "]
[Site "?"]
[Date "2020.03.01"]
[Round "7.7"]
[White "Zippert, Georg"]
[Black "Anderberg, Peter"]
[Result "1/2-1/2"]
[WhiteElo "1842"]
[BlackElo "2010"]
[PlyCount "35"]
[EventDate "2020.??.??"]

1. e4 e5 2. Nf3 Nc6 3. Bc4 Bc5 4. c3 Nf6 5. d3 a6 6. a4 Ba7 7. O-O d6 8. h3 h6
9. Re1 O-O 10. Na3 Re8 11. Bb3 Be6 12. Bc2 d5 13. b4 dxe4 14. dxe4 Qe7 15. Qe2
Nd7 16. Be3 Bxe3 17. Qxe3 Nb6 18. Nd2 1/2-1/2

[Event "LLHH 1920 FC St. Pauli III - SK Weisse"]
[Site "?"]
[Date "2020.03.01"]
[Round "7.1"]
[White "Mandelbaum, Peter-Rene"]
[Black "Kahlert, Thomas"]
[Result "0-1"]
[WhiteElo "2084"]
[BlackElo "2147"]
[PlyCount "78"]
[EventDate "2020.??.??"]

1. e4 e5 2. Nf3 Nc6 3. Bb5 a6 4. Bxc6 dxc6 5. O-O Bd6 6. d4 exd4 7. Qxd4 f6 8.
Be3 Be6 9. Nbd2 Ne7 10. Qc3 Ng6 11. Nd4 Qe7 12. f4 Bb4 13. Qd3 Rd8 14. c3 c5
15. cxb4 cxd4 16. Bf2 Nxf4 17. Qf3 Ng6 18. e5 Qxb4 19. exf6 O-O 20. Qe2 Nf4 21.
Qd1 Rd5 22. fxg7 Rf7 23. Bg3 d3 24. Nf3 Ne2+ 25. Kh1 Bg4 26. Rf2 Qe4 27. Qf1
Rdf5 28. Nd2 Qe3 29. Rxf5 Rxf5 30. Qe1 c6 31. Bh4 Kxg7 32. Nc4 Qh6 33. Rd1 Rh5
34. Bg3 Qe6 35. b3 b5 36. Nd6 Qe3 37. Bh4 Rd5 38. Nb7 d2 39. Qf1 Rf5 0-1

[Event "LLHH 1920 FC St. Pauli III - SK Weisse"]
[Site "?"]
[Date "2020.03.01"]
[Round "7.2"]
[White "Breyther, Ruediger"]
[Black "Schiele, Lars"]
[Result "1-0"]
[WhiteElo "2242"]
[BlackElo "2071"]
[PlyCount "137"]
[EventDate "2020.??.??"]

1. e4 e5 2. Nf3 Nc6 3. Bb5 a6 4. Ba4 Nf6 5. O-O Be7 6. Re1 b5 7. Bb3 d6 8. c3
O-O 9. d3 Nb8 10. Nbd2 Nbd7 11. Nf1 Nc5 12. Bc2 Re8 13. d4 Ncd7 14. Ng3 g6 15.
h3 Bf8 16. a4 Bb7 17. Bd3 c6 18. Bg5 Qc7 19. Qd2 Bg7 20. Kh1 Qb6 21. Bc2 c5 22.
d5 c4 23. Bh6 Bh8 24. Ng5 Re7 25. a5 Qc7 26. Rf1 Rae8 27. f4 exf4 28. Rxf4 Ne5
29. Raf1 Nfd7 30. Qe1 Bxd5 31. exd5 Ng4 32. Qxe7 Rxe7 33. hxg4 Ne5 34. N3e4
Qxa5 35. Nxd6 Nd3 36. Bxd3 cxd3 37. Rxf7 Rxf7 38. Ngxf7 Qc7 39. Nxh8 Qxd6 40.
Nf7 Qxd5 41. Ne5 Qd8 42. g5 d2 43. Rd1 b4 44. Nf3 bxc3 45. bxc3 Qd3 46. Rxd2
Qxc3 47. Rd4 a5 48. Kh2 Kf7 49. Rc4 Qb2 50. Rc7+ Ke6 51. Bg7 Qb1 52. Be5 a4 53.
Ra7 Qd1 54. Rxh7 a3 55. Ra7 Qc1 56. Ra6+ Kf5 57. Rf6+ Ke4 58. Rxg6 a2 59. Ra6
Qc2 60. g6 Kd5 61. g7 Qh7+ 62. Kg3 Kc4 63. Rh6 Qxh6 64. g8=Q+ Kb5 65. Qxa2 Qg6+
66. Kf2 Qb6+ 67. Bd4 Qh6 68. Qb3+ Ka5 69. Qb6+ 1-0

[Event "LLHH 1920 FC St. Pauli III - SK Weisse"]
[Site "?"]
[Date "2020.03.01"]
[Round "7.3"]
[White "Lansky, Georg"]
[Black "Goepfert, Jakob"]
[Result "1-0"]
[WhiteElo "1988"]
[BlackElo "2111"]
[PlyCount "55"]
[EventDate "2020.??.??"]

1. e4 c6 2. Nc3 d5 3. Nf3 Nf6 4. e5 Ne4 5. d4 Nxc3 6. bxc3 Bg4 7. h3 Bxf3 8.
Qxf3 e6 9. Be2 Qa5 10. O-O b5 11. Qg3 c5 12. dxc5 a6 13. a4 Nc6 14. Bd2 bxa4
15. Qf4 a3 16. c4 Qxc5 17. cxd5 Nd4 18. Bh5 g6 19. dxe6 Nxe6 20. Qa4+ Qb5 21.
Qe4 Rd8 22. Be2 Qd5 23. Qa4+ Qd7 24. Qxa6 Nd4 25. Bg5 Rc8 26. Rfd1 Bc5 27. Bb5
Qxb5 28. Qxc8# 1-0

[Event "LLHH 1920 FC St. Pauli III - SK Weisse"]
[Site "?"]
[Date "2020.03.01"]
[Round "7.4"]
[White "Wronn, Bernd"]
[Black "Ludwig, Jan"]
[Result "1/2-1/2"]
[WhiteElo "2171"]
[BlackElo "2030"]
[PlyCount "85"]
[EventDate "2020.??.??"]

1. Nf3 e6 2. c4 f5 3. g3 Nf6 4. Bg2 Be7 5. O-O O-O 6. Nc3 d5 7. d4 c6 8. b3 Ne4
9. Nxe4 fxe4 10. Ne5 Nd7 11. Nxd7 Bxd7 12. f3 exf3 13. Bxf3 Qb6 14. Qd3 Bf6 15.
c5 Qd8 16. e4 Be8 17. e5 Bg5 18. Bg4 Rxf1+ 19. Qxf1 Bf7 20. h4 Bxc1 21. Rxc1
Qe7 22. Qf4 h6 23. h5 Rf8 24. Rf1 b6 25. b4 bxc5 26. bxc5 Rb8 27. Qd2 Qe8 28.
Qd1 Rb2 29. Rf2 Qb8 30. Rxb2 Qxb2 31. a4 Kf8 32. Qd3 Qa1+ 33. Qd1 Qxd1+ 34.
Bxd1 a5 35. Kh2 Ke7 36. Kh3 Be8 37. Kh4 Bd7 38. Bc2 Bc8 39. Bd3 Kf7 40. Kg4 Ke7
41. Kf4 Kd8 42. Ke3 Ke7 43. Kd2 1/2-1/2

[Event "LLHH 1920 FC St. Pauli III - SK Weisse"]
[Site "?"]
[Date "2020.03.01"]
[Round "7.5"]
[White "Kuhle, Sebastian"]
[Black "Kluth, Carsten"]
[Result "0-1"]
[WhiteElo "2024"]
[BlackElo "2110"]
[PlyCount "152"]
[EventDate "2020.??.??"]

1. c4 c6 2. Nf3 d5 3. g3 Bf5 4. cxd5 Qxd5 5. Nc3 Qd8 6. Bg2 e6 7. Qb3 Qb6 8.
Qxb6 axb6 9. d3 Nd7 10. Nh4 Bg4 11. h3 Bh5 12. g4 Be7 13. gxh5 Bxh4 14. Rg1
Ngf6 15. h6 Rg8 16. hxg7 Rxg7 17. Kf1 Ke7 18. Bh1 Rxg1+ 19. Kxg1 Nd5 20. Nxd5+
exd5 21. a3 Bf6 22. Rb1 Nc5 23. Kf1 Nb3 24. Be3 b5 25. Ke1 Be5 26. Kd1 Rg8 27.
Kc2 Nd4+ 28. Kd2 Ne6 29. Kc2 f5 30. Re1 Kf6 31. Kb1 Re8 32. Rg1 d4 33. Bc1 Bf4
34. e3 Bh6 35. b4 Kf7 36. h4 Rd8 37. Kc2 Rg8 38. Rxg8 Kxg8 39. Kd2 Kf7 40. Ke2
Bg7 41. e4 Bf6 42. exf5 Ng7 43. Be4 Bxh4 44. Bb2 Bf6 45. Kf3 Ne8 46. Kg4 Bg7
47. f3 Nc7 48. Bc1 Nd5 49. Bxd5+ cxd5 50. Bg5 Be5 51. Bd8 Bh2 52. Bb6 Bg1 53.
Bc7 Be3 54. Be5 Bc1 55. Bxd4 Bxa3 56. Bc3 Bc1 57. f4 Be3 58. Be5 Bd2 59. Bd6
Bc3 60. Kg5 Bg7 61. Be5 Bf8 62. Bc3 Bd6 63. f6 Ke6 64. Kh6 Kf7 65. Kg5 Ke6 66.
Kg4 Bf8 67. f5+ Kf7 68. Kf4 Bd6+ 69. Ke3 h5 70. Kf3 Bc7 71. Ke3 Bd8 72. Be5
Bxf6 73. d4 Be7 74. Kd3 Bxb4 75. Kc2 Be1 76. Kb3 h4 0-1

[Event "LLHH 1920 FC St. Pauli III - SK Weisse"]
[Site "?"]
[Date "2020.03.01"]
[Round "7.6"]
[White "Grote, Dirk"]
[Black "Purniel Umpierre, Christian"]
[Result "1/2-1/2"]
[WhiteElo "2068"]
[BlackElo "1996"]
[PlyCount "34"]
[EventDate "2020.??.??"]

1. d4 e6 2. c4 f5 3. g3 Nf6 4. Bg2 c6 5. Nf3 d5 6. O-O Bd6 7. Nc3 Nbd7 8. Qc2
Ne4 9. Rb1 a5 10. b3 O-O 11. Bb2 Ndf6 12. e3 Nxc3 13. Bxc3 Ne4 14. Ne5 Bd7 15.
Ba1 Be8 16. f3 Nf6 17. Rbc1 Nd7 1/2-1/2

[Event "LLHH 1920 FC St. Pauli III - SK Weisse"]
[Site "?"]
[Date "2020.03.01"]
[Round "7.8"]
[White "Knecht, Guntram"]
[Black "Parnitzke, Lennert"]
[Result "1/2-1/2"]
[WhiteElo "2009"]
[BlackElo "1785"]
[PlyCount "57"]
[EventDate "2020.??.??"]

1. e4 e5 2. Nf3 Nc6 3. Bb5 a6 4. Ba4 Nf6 5. Bxc6 dxc6 6. d3 Bd6 7. Nbd2 c5 8.
Nc4 Qe7 9. Bd2 Nd7 10. Qe2 O-O 11. Ne3 Nb6 12. g4 f6 13. h4 Qf7 14. h5 Be6 15.
b3 Nc8 16. Nh4 Ne7 17. Nhf5 b5 18. Nxe7+ Bxe7 19. c4 c6 20. Nf5 Rfd8 21. Be3
Bf8 22. f3 Qd7 23. Rd1 a5 24. O-O a4 25. Qf2 axb3 26. axb3 Ra3 27. Qc2 Qa7 28.
Rf2 b4 29. Bc1 1/2-1/2